| 000 | 00678nam a22001937a 4500 | ||
|---|---|---|---|
| 008 | 240403t2015 xxk||||| |||| 00| 0 eng d | ||
| 020 | _a9780993249709 | ||
| 041 | _aeng | ||
| 082 | _a331.041 | ||
| 100 | _aMorrell, Paul | ||
| 110 | _aArup | ||
| 245 |
_aCollaboration for change: _bThe Edge Commission report on the future of professionalism |
||
| 260 | _bThe Edge, | ||
| 300 |
_a96p. _c23cm |
||
| 520 | _aThis report represents the summation of a series of sessions organised by the Edge with a number of the professions with which it works including RICS, CIBSE, CIOB and others. | ||
| 650 | _aSURVEYING PROFESSION | ||
| 651 | _aUnited Kingdom | ||
| 942 | _n0 | ||
| 999 |
_c121889 _d121889 |
||